| 000 | 00456nam a2200193Ia 4500 | ||
|---|---|---|---|
| 005 | 20240823013909.0 | ||
| 008 | 240823s9999||||xx |||||||||||||| ||und|| | ||
| 020 | _a81-297-0357-2 | ||
| 041 | _aENGLISH | ||
| 082 | _A519.5 P4 | ||
| 100 | _a"Freund,John E" | ||
| 245 | 0 | _aMathematical Statistics with Applications | |
| 250 | _a7th | ||
| 260 |
_c2004 _b"PHI,New D" |
||
| 500 | _aYES | ||
| 650 |
_aMATHS _bMathematics |
||
| 942 | _cBK | ||
| 999 |
_c168542 _d168542 |
||